<?xml version="1.0" encoding="UTF-8"?>
<record
    xmlns:xsi="http://www.w3.org/2001/XMLSchema-instance"
    xsi:schemaLocation="http://www.loc.gov/MARC21/slim http://www.loc.gov/standards/marcxml/schema/MARC21slim.xsd"
    xmlns="http://www.loc.gov/MARC21/slim">

  <leader>02009cam a22003374a 4500</leader>
  <controlfield tag="001">16534358</controlfield>
  <controlfield tag="003">OSt</controlfield>
  <controlfield tag="005">20180116192431.0</controlfield>
  <controlfield tag="008">101105s2011    ncua     b    001 0 eng  </controlfield>
  <datafield tag="010" ind1=" " ind2=" ">
    <subfield code="a">  2010043892</subfield>
  </datafield>
  <datafield tag="020" ind1=" " ind2=" ">
    <subfield code="a">9780786442546 (softcover : alk. paper)</subfield>
  </datafield>
  <datafield tag="020" ind1=" " ind2=" ">
    <subfield code="a">0786442549 (softcover : alk. paper)</subfield>
  </datafield>
  <datafield tag="035" ind1=" " ind2=" ">
    <subfield code="a">(OCoLC)ocn681534308</subfield>
  </datafield>
  <datafield tag="040" ind1=" " ind2=" ">
    <subfield code="a">DLC</subfield>
    <subfield code="c">DLC</subfield>
    <subfield code="d">YDX</subfield>
    <subfield code="d">YDXCP</subfield>
    <subfield code="d">CDX</subfield>
    <subfield code="d">OMB</subfield>
    <subfield code="d">DLC</subfield>
  </datafield>
  <datafield tag="042" ind1=" " ind2=" ">
    <subfield code="a">pcc</subfield>
  </datafield>
  <datafield tag="050" ind1="0" ind2="0">
    <subfield code="a">TS171.4</subfield>
    <subfield code="b">.G36 2011</subfield>
  </datafield>
  <datafield tag="082" ind1="0" ind2="0">
    <subfield code="a">745.2</subfield>
    <subfield code="2">22</subfield>
  </datafield>
  <datafield tag="100" ind1="1" ind2=" ">
    <subfield code="a">Gantz, Carroll,</subfield>
    <subfield code="d">1931-</subfield>
    <subfield code="9">8178</subfield>
  </datafield>
  <datafield tag="245" ind1="1" ind2="4">
    <subfield code="a">The industrialization of design :</subfield>
    <subfield code="b">a history from the steam age to today /</subfield>
    <subfield code="c">Carroll Gantz.</subfield>
  </datafield>
  <datafield tag="260" ind1=" " ind2=" ">
    <subfield code="a">Jefferson, N.C. :</subfield>
    <subfield code="b">McFarland,</subfield>
    <subfield code="c">c2011.</subfield>
  </datafield>
  <datafield tag="300" ind1=" " ind2=" ">
    <subfield code="a">vii, 322 p. :</subfield>
    <subfield code="b">ill. ;</subfield>
    <subfield code="c">26 cm.</subfield>
  </datafield>
  <datafield tag="504" ind1=" " ind2=" ">
    <subfield code="a">Includes bibliographical references and index.</subfield>
  </datafield>
  <datafield tag="505" ind1="0" ind2=" ">
    <subfield code="a">Pre-1800: Twin revolutions -- 1800-1850: The American system -- 1850-1875: International competition -- 1875-1900: The "new" decorative art -- 1900-1918: Architects take the lead -- 1918-1927: Modern design takes root -- 1927-1936: American modern design -- 1936-1945: Dreams of the future and war -- 1945-1950: Postwar recovery and consolidation -- 1950-1965: Imports and contradictions -- 1965-1985: Challenges and computers -- 1985-2010: Global design -- Appendix I. Biographies -- Appendix II. Past presidents of industrial design organizations.</subfield>
  </datafield>
  <datafield tag="520" ind1=" " ind2=" ">
    <subfield code="a">"Industrial design is a fundamental component of the traditional consumer experience. This book traces the history of industrial design over three centuries, beginning with the eighteenth-century industrial revolution. It identifies the major figures, organizations, styles and evolutionary events of the profession"--</subfield>
  </datafield>
  <datafield tag="650" ind1=" " ind2="0">
    <subfield code="a">Industrial design</subfield>
    <subfield code="x">History.</subfield>
    <subfield code="9">8179</subfield>
  </datafield>
  <datafield tag="650" ind1=" " ind2="0">
    <subfield code="a">Product design</subfield>
    <subfield code="x">History.</subfield>
    <subfield code="9">8180</subfield>
  </datafield>
  <datafield tag="650" ind1=" " ind2="0">
    <subfield code="a">Technology</subfield>
    <subfield code="x">History.</subfield>
    <subfield code="9">8181</subfield>
  </datafield>
  <datafield tag="906" ind1=" " ind2=" ">
    <subfield code="a">7</subfield>
    <subfield code="b">cbc</subfield>
    <subfield code="c">orignew</subfield>
    <subfield code="d">1</subfield>
    <subfield code="e">ecip</subfield>
    <subfield code="f">20</subfield>
    <subfield code="g">y-gencatlg</subfield>
  </datafield>
  <datafield tag="942" ind1=" " ind2=" ">
    <subfield code="2">ddc</subfield>
    <subfield code="c">BK</subfield>
  </datafield>
  <datafield tag="999" ind1=" " ind2=" ">
    <subfield code="c">354101</subfield>
    <subfield code="d">354101</subfield>
  </datafield>
  <datafield tag="952" ind1=" " ind2=" ">
    <subfield code="0">0</subfield>
    <subfield code="1">0</subfield>
    <subfield code="2">ddc</subfield>
    <subfield code="4">0</subfield>
    <subfield code="7">0</subfield>
    <subfield code="a">SADA</subfield>
    <subfield code="b">SADA</subfield>
    <subfield code="d">2015-08-06</subfield>
    <subfield code="l">1</subfield>
    <subfield code="o">745.2 GAN 2011</subfield>
    <subfield code="p">SADA0002495</subfield>
    <subfield code="r">2016-08-29</subfield>
    <subfield code="s">2016-08-29</subfield>
    <subfield code="t">01</subfield>
    <subfield code="v">6940.94</subfield>
    <subfield code="w">2015-08-13</subfield>
    <subfield code="y">BK</subfield>
  </datafield>
</record>
